Mathematics in remote sensing : based on the proceedings of a conference organized by the Institute of Mathematics and its Applications on Mathematics and its Applications in Remote Sensing held at Danbury, Essex, in May 1986
Saved in:
| Corporate Author: | |
|---|---|
| Other Authors: | |
| Format: | Book |
| Language: | English |
| Published: |
Oxford :
Clarendon Press,
1989.
|
| Series: | Institute of Mathematics and its Applications conference series ;
21 |
| Subjects: | |
| Tags: |
Add Tag
No Tags, Be the first to tag this record!
|
MARC
| LEADER | 00000cam a2200000 i 4500 | ||
|---|---|---|---|
| 001 | 1/46343 | ||
| 008 | 950619s1989 enk ||| | eng|| | ||
| 020 | |a 0198536186 | ||
| 035 | |a 1995 |c ΠΑΥΛΟΠΟΥΛΟΣ |l 10042772 | ||
| 040 | |a GR-MyUA |b gre |e AACR2 | ||
| 041 | 0 | |a eng | |
| 082 | 0 | |a 621.3678 | |
| 245 | 0 | 0 | |a Mathematics in remote sensing : |b based on the proceedings of a conference organized by the Institute of Mathematics and its Applications on Mathematics and its Applications in Remote Sensing held at Danbury, Essex, in May 1986 / |c edited by S.R. Brooks. |
| 260 | |a Oxford : |b Clarendon Press, |c 1989. | ||
| 300 | |a 399 σ. ; |c 24 εκ. | ||
| 490 | 1 | |a (Institute of Mathematics and its Applications conference series |v ; 21) | |
| 504 | |a Περιέχει ευρετήριο. | ||
| 650 | 0 | 0 | |a Remote sensing |x Mathematics |x Congresses. |
| 700 | 1 | |a Brooks, S. R. |e edt | |
| 710 | 2 | |a Institute of Mathematics and Its Applications. | |
| 830 | 0 | |a Institute of Mathematics and its Applications conference series ; |v 21 | |
| 852 | |a INST |b SAMOS |e 19950619 |h 621.3678 CON |p 005300005583 |q 005300005583 |t BK |y 0 | ||
| 909 | |a Σ |b 039101 | ||